| 000 | 00562cam2a220019300 4500 | ||
|---|---|---|---|
| 001 | qce00154828 | ||
| 005 | 20190815103157.0 | ||
| 008 | 780608c19671965at 000 0 eng u | ||
| 035 | _a(Sirsi) r120336 | ||
| 035 | _a(QCAT)lss01987607 | ||
| 035 | _a(UPRA)qce00154828 | ||
| 040 | _dUPRA | ||
| 100 | 1 |
_aLindsay, Daryl. _6A86643.1 |
|
| 245 | 1 | 4 |
_aThe leafy tree : _bmy family / _cDaryl Lindsay. |
| 260 |
_aMelbourne : _bCheshire, _c[1967, c1965] |
||
| 600 | 3 | 0 |
_aLindsay family. _6S62391.1 |
| 949 |
_aN7405.L5 _wlcc _i-173120 _mMAIN _tBOOK _lON-SHELF |
||
| 004 | 120336 | ||
| 999 |
_c65396 _d65396 |
||